| 000 | 00557cam a2200217 a 4500 | ||
|---|---|---|---|
| 001 | 4678282 | ||
| 005 | 20180314051209.0 | ||
| 008 | 810326s1981 nyua 000 0 eng | ||
| 010 | _a 81003062 | ||
| 020 |
_a0442281757 : _c$24.95 |
||
| 020 |
_z0442281749 (pbk.) : _c$15.00 (est.) |
||
| 040 |
_aDLC _cDLC _dDLC |
||
| 041 | _aeng | ||
| 080 | _a635.968 VER | ||
| 082 | 0 | 0 |
_a635.968 VER _219 |
| 100 | 1 | _a9 | |
| 101 | _aMJE | ||
| 245 | 1 | 4 |
_aThe scented garden / _cRosemary Verey. |
| 906 |
_a7 _bcbc _corignew _d1 _eocip _f19 _gy-gencatlg |
||
| 942 |
_2ddc _cBK |
||
| 999 |
_c44974 _d44974 |
||